000 00687cam a22002051a 4500
003 OSt
005 20170221105341.0
008 120219n2014 sy a f 00010 ara c
020 _a9789957332419
040 _ama-un
_bara
082 0 4 _a371.3
_bم ح ط
_221
100 1 _aالمولى، حميد مجيد
_922337
245 1 2 _aالطريقة والاستراتيجية في التعليم /
_cحميد مجيد المولى.
250 _aط. 1.
260 _aدمشق :
_bدار الينابيع،
_c[19--
300 _a330 ص. :
_bإيض. ؛
_c24 سم.
504 _aيشتمل علي إرجاعات ببليوجرافية.
650 7 _aطرق التدريس
_957364
942 _cBOOK
999 _c40032
_d309652